000 00800nam a22002417a 4500
999 _c2429
_d2429
003 AR-CdUCM
008 190304b ||||| |||| 00| 0 spa d
040 _aMUNICIPALIDAD PROVINCIAL DEL CUSCO
_cBIBLIOTECA MUNICIPAL DEL CUSCO
082 _a869.50 /
_bV18
100 _aValcarcel, Luis
_98720
245 _aMachu Picchu /
260 _aPeru :
_bEditorial Navarréte,
_c1988.
300 _a102 páginas.
_c20.5 cm.
440 _aSerie Perulibros ;
_98721
505 _aContenido: El Imperio Incaico -- Machupicchu -- La Region Tampu -- Los centros Poblados -- Huayna Picchu -- Interpretacion Final...
650 _aEl imperio Incaico
_98722
650 _aMachupicchu
_91751
650 _aPachakuti
_98723
650 _aTampu
_98724
650 _aInca
_9421
942 _2ddc
_cLIBROS
945 _artm